000 00827cam a2200301 4500
001 J1219
008 090401t1992 xxu||||| |||| 00| 0 eng d
035 _a(Sirsi) u42373
041 _aeng
050 _a333.3370943
110 _aZadelhoff Deutschland
_9251
245 4 _aThe commercial property market in Leipzig.
260 _aFrankfurt am Main
_bZadelhoff Deutschland
_c1992
300 _a48p. : ill. ; 30cm.
350 _a0
520 _aText in German and English. Folded map in pocket inside back cover.
650 _aPROPERTY-COMMERCIAL PROPERTY
650 _aGERMANY
650 _aOFFICES
650 _aPROPERTY INVESTMENT
650 _aPROPERTY MARKET
650 _aRENT
650 _aSHOPS
690 _aOVERSEAS-EUROPE
710 _aArthur Andersen
_92223
942 _n0
948 _c04/03/1997
999 _c91088
_d91088